Responses for Show #5218 - Wednesday, April 25, 2007

Contestants

[<< previous game]

Zelda Nash, a civil engineering business owner from Pahoa, Hawaii

Misha Dashevsky, a grocery clerk from Minneapolis, Minnesota

Laura Wimberley, a college teaching assistant originally from Wilmington, Delaware (whose 3-day cash winnings total $23,999)

[next game >>]

Jeopardy! Round responses

BACK IN THE USSR
TV ROLES
EARS TO YOU!
ELEMENTAL, MY DEAR
FOOD PHRASES
THE NEW YORK TIMES BUSINESS
    $200 2
Union of Soviet Socialist Republics

Misha
    $200 11
Charlie Sheen

Misha
    $200 21
an elephant

Misha
    $200 16
nickel

Laura
    $200 1
fish

Misha
    $200 26
Rachael Ray

Laura
    $400 3
(Yuri) Gagarin

Misha
    $400 12
Erica Kane

Zelda
    $400 22
the walls

Zelda
    $400 17
copper

Misha
    $400 5
a chicken

Zelda
    $400 27
(Zelda: What are shopping bags?)

barf bags (or airsickness bags)

MishaZelda
    $600 4
Khrushchev

Laura
    $600 13
(Misha: Who is Amy Brenneman?)

Tyne Daly

Misha
Triple Stumper
    $600 23
(Mickey) Mouse ears

Laura
    $600 18
helium

Zelda
    $600 6
a "piece of the pie"

Zelda
    $600 28
China

Laura
    $800 9
glasnost

Misha
    $800 14
Marcus Welby

Zelda
    $800 24
Van Gogh

Misha
    $800 19
(Laura: What is sulfur?)

arsenic

LauraZelda
    $800 7
"Let them eat cake"

Zelda
    $800 29
Toyota

Triple Stumper
    $1,500 10
(Leon) Trotsky

Misha
    $1000 15
"Ugly Betty" Suarez

Laura
    $1000 25
(Alex: It was [*]' War, named for [*].)

Captain Jenkins

Triple Stumper
    $1000 20
(Zelda: What is neon?)
(Misha: What is halogen?)

xenon

MishaZelda
Triple Stumper
    $1000 8
milk and honey

Laura
    $1000 30
Judith Regan

Zelda

Scores at the first commercial break (after clue 15):

Laura Misha Zelda
$2,600 $2,700 $3,000

Scores at the end of the Jeopardy! Round:

Laura Misha Zelda
$3,400 $3,500 $4,400

Double Jeopardy! Round responses

THE HIGH PRIESTESS
THE DEVIL
THE FOOL
THE HERMIT
WHEEL OF FORTUNE
TOURING THE TAROT DECK
    $400 18
Aphrodite

Zelda
    $400 2
"Sympathy for the Devil"

Misha
    $400 7
Nero

Zelda
    $400 13
a desert

Laura
    $400 25
a royal flush

Laura
    $400 1
the Moon

Misha
    $800 19
Voodoo

Misha
    $800 3
The Exorcist

Zelda
    $800 8
(Misha: What is the Civil War?)

the Revolutionary War

MishaZelda
    $800 14
Pope

Triple Stumper
    $800 26
Pearls Before Swine

Laura
    $800 9
the Tower

Zelda
    $1200 23
Shintoism

Misha
    $1,000 4
Rosemary's Baby

Zelda
    $1200 20
(One of) Anne Boleyn or Catherine Howard

Misha
    $1200 15
Johnny Appleseed

Misha
    $1200 27
the Big Bang Theory

Misha
    $1200 10
the Hanged Man

Triple Stumper
    $500 24
(Misha: Who are members of a harem?)

Vestal virgins

Misha
    $1600 5
Devil's Advocate

Misha
    $1600 21
Montezuma

Zelda
    $1600 16
St. Anthony

Laura
    $1600 28
Pomp And Circumstance

Zelda
    $1600 11
the Lovers

Laura
    $2000 30
Romulus & Remus

Zelda
    $2000 6
Angel Heart

Triple Stumper
    $2000 22
Rasputin

Misha
    $2000 17
flagellation

Zelda
    $2000 29
All The King's Men

Laura
    $2000 12
Cups (or Chalices)

Laura

Scores at the end of the Double Jeopardy! Round:

Laura Misha Zelda
$12,200 $12,200 $15,800

[wagering suggestions for these scores]

Final Jeopardy! Round responses

INTERNATIONAL AUTHORS
LauraWho was Nabakov?
$0
MishaWho is Nabakov?
$11,999
ZeldaWho is Vladimir Nabakov?
$12,300
Vladimir Nabokov

Final scores:

Laura Misha Zelda
$12,200 $24,199 $28,100
3rd place: $1,000 2nd place: $2,000 New champion: $28,100

Game dynamics:

Coryat scores:

Laura Misha Zelda
$12,200 $12,200 $16,000
14 R,
1 W
19 R
(including 1 DD),
4 W
(including 1 DD)
19 R
(including 1 DD),
2 W

Combined Coryat: $40,400

[game clues] [game scores] [suggest correction]

Game tape date: 2007-02-06
The J! Archive is created by fans, for fans. Scraping, republication, monetization, and malicious use prohibited; this site may use cookies and collect identifying information. See terms. The Jeopardy! game show and all elements thereof, including but not limited to copyright and trademark thereto, are the property of Jeopardy Productions, Inc. and are protected under law. This website is not affiliated with, sponsored by, or operated by Jeopardy Productions, Inc. Join the discussion at JBoard.tv.